01544nam a2200385 a 4500001001200000003000800012006001900020007001500039008004100054010001700095020001500112020002200127020001800149020002700167040002100194035002100215043001200236050002500248082002500273100003000298245013100328260005600459300002400515504006600539533015200605650004800757650004600805650005000851650004800901655002900949700002000978710001700998856012601015999001701141ebr10676230CaPaEBRm u cr cn|||||||||830721s1985 cauad sb 001 0 eng d z 83009292  z0520050037 z0520050045 (pbk.) z9780520050037 z9780520907317 (e-book) aCaPaEBRcCaPaEBR a(OCoLC)777474218 an-us---14aE184.C97bP67 1985eb04a305.8/687291/0732191 aPortes, Alejandro,d1944-10aLatin journeyh[electronic resource] :bCuban and Mexican immigrants in the United States /cAlejandro Portes, Robert L. Bach. aBerkeley :bUniversity of California Press,cc1985. axxi, 387 p. :bill. aIncludes bibliographical references (p. [369]-382) and index. aElectronic reproduction.bPalo Alto, Calif. :cebrary,d2013.nAvailable via World Wide Web.nAccess may be limited to ebrary affiliated libraries. 0aCubanszUnited StatesxEconomic conditions. 0aCubanszUnited StatesxSocial conditions. 0aMexicanszUnited StatesxEconomic conditions. 0aMexicanszUnited StatesxSocial conditions. 7aElectronic books.2local1 aBach, Robert L.2 aebrary, Inc.40uhttp://site.ebrary.com/lib/rucke/Doc?id=10676230zAn electronic book accessible through the World Wide Web; click to view c58609d58609